[Event "SVK-chT2D 0607"]
[Site "Slovakia"]
[Date "2006.10.15"]
[Round "2.5"]
[White "Ridarcikova, Valeria"]
[Black "Vavrek, Peter"]
[Result "1/2-1/2"]
[WhiteElo "1804"]
[BlackElo "1710"]
[PlyCount "77"]
[EventDate "2006.10.14"]
[EventType "team-tourn"]
[EventRounds "11"]
[EventCountry "SVK"]
[SourceTitle "EXT 2008"]
[Source "ChessBase"]
[SourceDate "2007.11.25"]
[SourceVersion "1"]
[SourceVersionDate "2007.11.25"]
[SourceQuality "1"]
[WhiteTeam "Kosice DPMK"]
[BlackTeam "Michalovce Zemplin III"]
[WhiteTeamCountry "SVK"]
[BlackTeamCountry "SVK"]

1. e4 e5 2. Nf3 d6 3. d4 Nc6 4. dxe5 Nxe5 5. Nxe5 dxe5 6. Qxd8+ Kxd8 7. Bc4 Be6 8. Bxe6 fxe6 9. Be3 Be7 10. Nd2 Nf6 11. f3 Ke8 12. Nc4 Nd7 13. a4 b6 14. Ke2 Rd8 15. Rhd1 Bf6 16. b4 a6 17. Rd2 Nb8 18. Rad1 Rxd2+ 19. Rxd2 Nd7 20. Rd3 Ke7 21. Nb2 Rc8 22. c4 Rd8 23. Rd2 Ke8 24. Nd3 h6 25. c5 b5 26. axb5 axb5 27. Ra2 c6 28. Ra6 Rc8 29. Ra7 Kd8 30. Nf2 h5 31. g3 Rc7 32. Rxc7 Kxc7 33. Nh3 Kd8 34. Ng5 Ke7 35. Nh7 Kf7 36. Nxf6 gxf6 37. Bd2 Kg6 38. h3 f5 39. Kd3 1/2-1/2